header

A parent's guide to heart disorders (Record no. 114000)

MARC details
000 -LEADER
fixed length control field 01473nam a2200361Ia 4500
100 1# - MAIN ENTRY--AUTHOR NAME
Personal name Moller, James H.,
245 12 - TITLE STATEMENT
Title A parent's guide to heart disorders
260 ## - PUBLICATION, DISTRIBUTION, ETC. (IMPRINT)
Place of publication Minneapolis :
Name of publisher University of Minnesota Press,
Year of publication c1988.
300 ## - PHYSICAL DESCRIPTION
Number of Pages x, 153 p., [4] p. of plates :
Other physical details ill.
490 1# - SERIES STATEMENT
Series statement University of Minnesota guides to birth and childhood disorders
650 #0 - SUBJECT ADDED ENTRY--TOPICAL TERM
Topical Term Pediatric cardiology
Topical Term Pediatrics.
700 1# - ADDED ENTRY--PERSONAL NAME
Personal name Neal, William A.,
Personal name Hoffman, William R.
856 40 - ELECTRONIC LOCATION AND ACCESS
Uniform Resource Identifier http://site.ebrary.com/lib/rucke/Doc?id=10194441

No items available.

© 2026 Rongo University
Contact us: librarian | system librarian | Rongo university